000 00229nam a22000857a 4500
008 161210b xxu||||| |||| 00| 0 eng d
100 _91976
_aLuthra.H.L.
245 _aPhysical and Health Education-VI
260 _aNew Delhi
_bB.P.H.
_c2011
999 _c4779
_d4779